| 000 | 01068nam a2200265 a 4500 | ||
|---|---|---|---|
| 001 | 12848 | ||
| 003 | BD-JhCC | ||
| 005 | 20230518103611.0 | ||
| 008 | 230518s2011 b a|||| |||| 000 0 b d | ||
| 035 | _a(BD-JhCC)12848 | ||
| 040 |
_aBD-JhCC _dBD-JhCC |
||
| 041 | _aBengla | ||
| 082 |
_a634.95492 _bHAS 2011 |
||
| 100 | _aহাছিব, সৈয়দ এ. | ||
| 245 |
_aউত্তরবঙ্গে চায়ের ইতিহাস (১৯৯৯-২০১১) / _c সৈয়দ এ. হাছিব, মোশাররফ হোসেন এবং মঞ্জুর হোসেন |
||
| 260 |
_aঢাকা : _bতেঁতুলিয়া টি কোং লিঃ, _c২০১১ |
||
| 300 |
_a৬৭ পৃ. : _bচিত্রাবলী সংযোজিত, _c২১ সেমি. |
||
| 650 |
_aTea _zBangladesh |
||
| 650 | _aPlant physiology | ||
| 650 | _aForests and forestry | ||
| 650 | _aLife sciences | ||
| 700 | _aহোসেন, মোশাররফ | ||
| 700 | _aহোসেন, মঞ্জুর | ||
| 942 |
_2ddc _cBK |
||
| 999 |
_c12848 _d12848 |
||